| 000 | 01036cab a2200289 4500 | ||
|---|---|---|---|
| 001 | ABS59536 | ||
| 008 | 090401t1998 xxu||||| |||| 00| 0 eng d | ||
| 035 | _a(Sirsi) u89159 | ||
| 041 | _aeng | ||
| 100 | _aBaber, F, | ||
| 245 | _aInformation is the key to a successful business | ||
| 260 | _c1998 | ||
| 350 | _a0 | ||
| 490 |
_aCSM _bChartered Surveyor Monthly _v8(2) October 1998, 44-45(2) |
||
| 520 | _aReports on RICS commissioned research "Building the web" into the attitudes of property professionals to the Internet and the impact it has had on professional practice. Finds that it is used in varying degrees, more by large firms, but that its full potential is usually not appreciated. | ||
| 650 | _aATTITUDES | ||
| 650 | _aABOUT RICS-RICS MEMBERS | ||
| 650 | _aCOMMUNICATION | ||
| 650 | _aCOMPETITION | ||
| 650 | _aCOMPUTING | ||
| 650 | _aINTERNET | ||
| 650 | _aINTRANET | ||
| 650 | _aWORLD WIDE WEB | ||
| 690 | _aMANAGEMENT-BUSINESS MANAGEMENT-PROFESSIONAL PRACTICE | ||
| 942 | _n0 | ||
| 948 | _c21/10/1998 | ||
| 999 |
_c56383 _d56383 |
||